000 01089nam a2200229Ia 4500
001 L933-43073
003 IT-CnALBA
008 170116s9999||||xx |||||||||||||| ||und||
040 _aIT-CnALBA
_cIT-CnALBA
041 _aITALIANO
100 _aBANCROFT GIORGIO
245 0 _aSTORIA DEGLI STATI UNITI DI AMERICA. VOL. VI.
250 _a1a ed.
260 _a MILANO, NA
_bPAGNONI FRANCESCO EDIT.
_c1859 [1° Ed.:1859 - Ed.Ling.Originale: 1859]
300 _a181 p.
500 _aCAPITOLI XXIII XXIV. TRADUZIONE DI DE TIVOLI G. USURPAZIONE DELLE COLONIE INGLESI E FRANCESI. MONOPOLIO COLONIE SPAGNOLE E INDIPENDENZA AMERICANA. LOTE DEGLI INGLESI CONTRO IL MONOPOLIO SPAGNOLO.
501 _aSocietà San Paolo EM - Piazza San Paolo, 14 - 12051 ALBA (CN) (non commercial uses only) ® Copyright 2017
520 _aCAPITOLI XXIII XXIV. TRADUZIONE DI DE TIVOLI G. USURPAZIONE DELLE COLONIE INGLESI E FRANCESI. MONOPOLIO COLONIE SPAGNOLE E INDIPENDENZA AMERICANA. LOTE DEGLI INGLESI CONTRO IL MONOPOLIO SPAGNOLO.
650 _aNAZIONI ESTERE
942 _cBK
957 _71
999 _a48466
_bSI
_g Copie: 1
_c302040
_d302040